000 00839nam a2200217 a 4500
008 120416s1983 ||||||||||||||||| || u
020 _a0674154150
050 _aHG 4930.5 Hay
100 _aMarks, David Van Praag
245 1 0 _aCompetition in the investment banking industry
260 _aCambridge, Mass. :
_bHarvard University Press
_c1983
300 _aix, 177p. : ill.
350 _a0.00
650 _aBANKING
650 _aINVESTMENT BANKING--UNITED STATES
650 0 _aINVESTMENT BANKING--UNITED STATES--MATHEMATICAL MODELS
650 _aINVESTMENT BANKING--UNITED STATES--MERGERS
700 _aSpence, A. Michael (Andrew Michael)
700 _aHayes, Samuel L
995 _D0.00
_FCBU-MAIN LIBRARY (Kitwe)
_H1
_I0.00
_M1
_UAVAILABLE
_ZAnnex Low-Usage Collection
999 _c38090
_d38090